Movies Quiz

Random Movies or Actress Quiz
Score 0/20 Timer 08:00
2 Plays Today
% Correct
Up
98.8%
Peter Pan
93.5%
Elf
92.1%
Lilo and Stitch
83.7%
Anchorman: The Legend of Ron Burgundy
82.8%
Forrest Gump
82.6%
The Great Gatsby
82.2%
The Breakfast Club
80.6%
Dumb and Dumber
74.3%
Top Gun
71.7%
% Correct
Willy Wonka & The Chocolate Factory
70.2%
Liar Liar
69.7%
Thor
66.2%
Indiana Jones and the Temple of Doom
60.9%
Toy Story 2
59%
American Psycho
56.7%
Happy Gilmore
53.3%
Fight Club
38%
The Life Aquatic with Steve Zissou
30.2%
American Gangster
27%
Remove Ads.
Support Sporcle.
Get the best of Sporcle when you Go Orange. This ad-free experience offers more features, more stats, and more fun while also helping to support Sporcle. Thank you for becoming a member.

You're not logged in!

Compare scores with friends on all Sporcle quizzes.
OR
Log In

Show Comments

Extras

Top Quizzes Today


Score Distribution

Your Account Isn't Verified!

In order to create a playlist on Sporcle, you need to verify the email address you used during registration. Go to your Sporcle Settings to finish the process.

Report this User

Report this user for behavior that violates our Community Guidelines.

Details: